<?xml version="1.0" encoding="UTF-8"?>
<record
    xmlns:xsi="http://www.w3.org/2001/XMLSchema-instance"
    xsi:schemaLocation="http://www.loc.gov/MARC21/slim http://www.loc.gov/standards/marcxml/schema/MARC21slim.xsd"
    xmlns="http://www.loc.gov/MARC21/slim">

  <leader>00601nam a22001817a 4500</leader>
  <datafield tag="999" ind1=" " ind2=" ">
    <subfield code="c">193419</subfield>
    <subfield code="d">193419</subfield>
  </datafield>
  <controlfield tag="005">20221028122925.0</controlfield>
  <datafield tag="010" ind1=" " ind2=" ">
    <subfield code="a">ENG-135577</subfield>
  </datafield>
  <datafield tag="020" ind1=" " ind2=" ">
    <subfield code="c">340.00</subfield>
    <subfield code="a">9788190835237</subfield>
  </datafield>
  <datafield tag="035" ind1=" " ind2=" ">
    <subfield code="a">EN-119109</subfield>
  </datafield>
  <datafield tag="037" ind1=" " ind2=" ">
    <subfield code="b">DBAD/PUB</subfield>
  </datafield>
  <datafield tag="082" ind1=" " ind2=" ">
    <subfield code="a">796</subfield>
  </datafield>
  <datafield tag="245" ind1=" " ind2=" ">
    <subfield code="a">Dynamic facets of physical education and sports studies/</subfield>
    <subfield code="c">edited by d. shunmuganathan</subfield>
  </datafield>
  <datafield tag="260" ind1=" " ind2=" ">
    <subfield code="c">2009</subfield>
    <subfield code="b">coordinator publication division</subfield>
    <subfield code="a">tamilnadu</subfield>
  </datafield>
  <datafield tag="270" ind1=" " ind2=" ">
    <subfield code="a">manonmaniam sundaranar university tirunelveli</subfield>
    <subfield code="b">tamilnadu</subfield>
    <subfield code="e">627012</subfield>
  </datafield>
  <datafield tag="300" ind1=" " ind2=" ">
    <subfield code="a">238p.</subfield>
    <subfield code="c">27cm(pbk)</subfield>
  </datafield>
  <datafield tag="700" ind1=" " ind2=" ">
    <subfield code="a">shunmuganathan .d</subfield>
    <subfield code="e">editor</subfield>
  </datafield>
  <datafield tag="942" ind1=" " ind2=" ">
    <subfield code="2">ddc</subfield>
    <subfield code="c">EN</subfield>
    <subfield code="m">DYN</subfield>
    <subfield code="h">796</subfield>
  </datafield>
  <datafield tag="952" ind1=" " ind2=" ">
    <subfield code="0">0</subfield>
    <subfield code="1">0</subfield>
    <subfield code="4">0</subfield>
    <subfield code="7">0</subfield>
    <subfield code="8">NFIC</subfield>
    <subfield code="a">KV</subfield>
    <subfield code="b">KV</subfield>
    <subfield code="d">2022-10-28</subfield>
    <subfield code="e">DBAD/PUB</subfield>
    <subfield code="g">340.00</subfield>
    <subfield code="l">0</subfield>
    <subfield code="o">796 DYN</subfield>
    <subfield code="p">EN-119109</subfield>
    <subfield code="r">2022-10-28 00:00:00</subfield>
    <subfield code="t">1</subfield>
    <subfield code="v">340.00</subfield>
    <subfield code="y">EN</subfield>
  </datafield>
</record>
